01332cam a2200277 450000500170000000800410001704000290005804100080008704400080009508200180010324502200012126000550034130000570039635000110045349000580046450400610052265000380058365000400062165000380066165000400069970000420073971000720078194200150085399900170086895201690088520160913124415.0710902s1971 dcua bd 000 0 eng  aDLCcDLCdDLCdCO-BoIAVH0 aeng axxu00a634.903bT31f00aTerminology of forest science, technology, practice, and products ; English-language version.ceditado por F. C. Ford-Robertson y authorized por el Joint FAO/IUFRO Committee on Forestry Bibliography and Terminology. aWashington,bSociety of American Foresters,c1971. axxi, 349 páginas : bilustraciones ; c30 x 22 cm. a$10.000 aThe Multilingual forestry terminology series ;vno. 1 aIncluye referencias bibliográficas: páginas 305-306.26aCiencias forestalesvDiccionarios26aCiencias forestalesvTerminología26aBiología forestalvDiccionarios26aBiología forestalvTerminología2 aFord-Robertson, F. C.,d1901-eeditor2 aJoint FAO/IUFRO Committee on Forestry Bibliography and Terminology. 2ddccLIBRO c19021d19021 00102ddc40708GENERALIINV2017aBogotabBogotad2016-09-13eAmazong30000.00l0oLB-634.903 T31fp040676r2016-09-13 00:00:00tEj. 1w2016-09-13xDonacionyLIBRO